| 000 -ლიდერი |
| ფიქსირებული სიგრძის საკონტროლო ველი |
01453nam a22002417a 4500 |
| 003 - საკონტროლო ნომრის იდენტიფიკატორი |
| საკონტროლო ველი |
Ge_BSU |
| 005 - ბოლო ოპერაციის თარიღი და დრო |
| საკონტროლო ველი |
20230719103359.0 |
| 008 - ფიქსირებული სიგრძის მონაცემთა ელემენტები - ზოგადი ინფორმაცია |
| ფიქსირებული სიგრძის საკონტროლო ველი |
230719s2022ge xxu||||| |||| 00| 0 geo d |
| 020 ## - წიგნის საერთაშორისო სტანდარტული ნომერი |
| International Standard Book Number |
9789941847134 |
| 041 ## - ენის კოდი |
| Language code of text/sound track or separate title |
geo |
| 080 ## - უნივერსალური ათობითი კლასიფიკაციის ინდექსი |
| Universal Decimal Classification number |
008(4) დ-90 |
| 100 ## - მთავარი ჩანაწერი - პიროვნების სახელი |
| Personal name |
დუმბაძე, ნათელა, ავტორი. |
| 9 (RLIN) |
19419 |
| 245 ## - ცნობა სათაურის შესახებ |
| Title |
ევროპული მომავლის იმედით : |
| Remainder of title |
[ქალთა საერთაშორისო ორგანიზაცია "სოროპტიმისტ ინტერნაციონალი"] / |
| Statement of responsibility, etc |
ნათელა დუმბაძე ; რედ. ლალი კონცელიძე ; მთარგმ: თამთა თებიძე. |
| 264 ## - წარმოების, გამოცემის, დისტრიბუციის და სხვა ცნობები |
| გამოცემის, წარმოების, დისტრიბუციის... ადგილი |
ბათუმი, |
| გამოცემის, წარმოების, დისტრიბუციის... თარიღი |
2022. |
| 300 ## - ფიზიკური აღწერა |
| Extent |
412 გვ. : |
| Other physical details |
ფოტ. ; |
| Dimensions |
30 სმ. |
| 546 ## - LANGUAGE NOTE |
| Language note |
თავფურცლის მე-3 გვერდი და ტექსტის ნაწილი ინგლისურ ენაზე. |
| 653 ## - INDEX TERM--UNCONTROLLED |
| Uncontrolled term |
ევროპული მომავლის იმედით |
| 653 ## - INDEX TERM--UNCONTROLLED |
| Uncontrolled term |
With a hope for European future : [Internatioanal Women's Organization "Soroptimist International"] |
| 700 ## - ADDED ENTRY--PERSONAL NAME |
| Personal name |
კონცელიძე, ლალი |
| Relator term |
რედაქტორი |
| 9 (RLIN) |
2058 |
| 700 ## - ADDED ENTRY--PERSONAL NAME |
| Personal name |
თებიძე, თამთა |
| Relator term |
მთარგმნელი |
| 9 (RLIN) |
19420 |
| 773 ## - HOST ITEM ENTRY |
| Title |
ნაჩუქარი |
| 942 ## - ADDED ENTRY ELEMENTS (KOHA) |
| Source of classification or shelving scheme |
|
| Koha item type |
წიგნი |